UM Logo

Purchasing and supply management / (Record no. 5747)

MARC details
000 -LEADER
fixed length control field 01105cam a2200313 i 4500
001 - CONTROL NUMBER
control field 18192999
005 - DATE AND TIME OF LATEST TRANSACTION
control field 20161117170959.0
008 - FIXED-LENGTH DATA ELEMENTS--GENERAL INFORMATION
fixed length control field 140619s2015 nyua 001 0 eng
010 ## - LIBRARY OF CONGRESS CONTROL NUMBER
LC control number 2014022581
020 ## - INTERNATIONAL STANDARD BOOK NUMBER
International Standard Book Number 978-0-0780-2409-2 (alk. paper)
040 ## - CATALOGING SOURCE
Original cataloging agency DLC
Language of cataloging eng
Transcribing agency DLC
Description conventions rda
Modifying agency DLC
042 ## - AUTHENTICATION CODE
Authentication code pcc
050 00 - LIBRARY OF CONGRESS CALL NUMBER
Classification number HD39.5
Item number .L43 2015
082 00 - DEWEY DECIMAL CLASSIFICATION NUMBER
Classification number DC 658.7
Edition number 2015
Item number J63
100 1# - MAIN ENTRY--PERSONAL NAME
Personal name Johnson, P. Fraser.
245 10 - TITLE STATEMENT
Title Purchasing and supply management /
Statement of responsibility, etc. P. Fraser Johnson, PhD, Anna E. Flynn, PhD.
250 ## - EDITION STATEMENT
Edition statement Fifteenth edition.
260 ## - PUBLICATION, DISTRIBUTION, ETC. (IMPRINT)
Place of publication, distribution, etc. New York:
Name of publisher, distributor, etc. McGraw-Hill Education,
Date of publication, distribution, etc. c2015.
300 ## - PHYSICAL DESCRIPTION
Extent xvi, 544 pages :
Other physical details illustrations ;
Dimensions 24 cm.
490 0# - SERIES STATEMENT
Series statement The McGraw-Hill/Irwin series operations and decision sciences
500 ## - GENERAL NOTE
General note Includes index.
650 #0 - SUBJECT ADDED ENTRY--TOPICAL TERM
Topical term or geographic name as entry element Industrial procurement.
650 #0 - SUBJECT ADDED ENTRY--TOPICAL TERM
Topical term or geographic name as entry element Materials management.
700 1# - ADDED ENTRY--PERSONAL NAME
Personal name Flynn, Anna E.
365 ## - TRADE PRICE
Price amount 4,440.42
Currency code Php
906 ## - LOCAL DATA ELEMENT F, LDF (RLIN)
a 7
b cbc
c orignew
d 1
e ecip
f 20
g y-gencatlg
942 ## - ADDED ENTRY ELEMENTS (KOHA)
Source of classification or shelving scheme Dewey Decimal Classification
Koha item type Circulation
Holdings
Withdrawn status Lost status Source of classification or shelving scheme Damaged status Not for loan Collection code Home library Current library Shelving location Date acquired Source of acquisition Total Checkouts Full call number Barcode Date last seen Date last checked out Copy number Cost, replacement price Price effective from Koha item type
    Dewey Decimal Classification     Circulation UM Digos College - LIC UM Digos College - LIC Book Cart 10/27/2016 Purchased 1 DC 658.7 J63 2015 24571 05/15/2025 02/13/2024 1 4440.42 11/17/2016 Circulation